|
|
|
|
| LEADER |
007310000a22002050004500 |
| 040 |
|
|
|a MAL
|
| 082 |
|
|
|a 808.068 09 32N7
|
| 100 |
|
|
|a Ramanathan, K V; Author
|
| 245 |
|
|
|a Baalasaahithyathinte uthbhavavum valarchayum-Malayalathil
|
| 250 |
|
|
|
| 260 |
|
|
|a Thrissur, Kerala Sahithya Akademi Ke
|
| 260 |
|
|
|c 1997
|
| 460 |
|
|
|a 63p
|
| 465 |
|
|
|a Rs.28.00
|
| 500 |
|
|
|a Includes bibliographical references
|
| 500 |
|
|
|a K V Ramanathan
|
| 650 |
|
|
|a Baalasaahithyam-History and criticism
|
| 650 |
|
|
|a Childrens literature, Malayalam-History and criticism
|
| 999 |
|
|
|c 40047
|d 40047
|
| 952 |
|
|
|0 0
|1 0
|4 0
|6 808_068000000000000_09_32N7
|7 0
|8 MAL
|9 40594
|a MGUL
|b MGUL
|d 2013-07-16
|e Rs.28.00
|l 1
|o 808.068 09 32N7
|p 38879
|r 2013-09-28
|s 2013-09-24
|w 2013-07-16
|y BK
|